[Event "Mistrzostwa Polski Mlodzikow do 10 lat  - chlopcy"]
[Site "Chrusty k. Zagnanska"]
[Date "1899-12-30"]
[Round "9.10"]
[White "Jaworski, Tymon"]
[Black "Ptaszynski, Szymon"]
[Result "0-1"]
[WhiteTitle "II"]
[BlackTitle "II"]
[WhiteElo "1403"]
[BlackElo "1312"]

1. e4 c5 2. Nf3 e6 3. d4 cxd4 4. Nxd4 a6 5. Nc3 Qc7 6. Bd3 Nf6 7. O-O d6 8. Kh1
Nbd7 9. f4 b5 10. e5 dxe5 11. fxe5 Nxe5 12. Bf4 Bb7 13. Qe2 Bd6 14. Ndxb5 axb5
15. Nxb5 Qb8 16. Nxd6+ Qxd6 17. Bb5+ Kf8 18. Bxe5 Qb6 19. Rad1 h5 20. Bd4 Qa5
21. Qe5 h4 22. Qd6+ Kg8 23. Be2 h3 24. Bf3 hxg2+ 25. Bxg2 Bxg2+ 26. Kxg2 Qg5+
27. Qg3 Qxg3+ 28. hxg3 Rxa2 29. c4 Ng4 30. Rh1 Rxh1 31. Rxh1 e5 32. Kf3 exd4 33.
Kxg4 Rxb2 34. Rd1 Rb8 35. Rxd4 Rc8 36. Kf5 Rc5+ 37. Ke4 Kf8 38. Kd3 Rg5 39. g4
Rc5 40. Re4 Rc8 41. Re5 f6 42. Rd5 Ke7 43. c5 Rc6 44. Kd4 Ke6 45. Rf5 Rc8 46.
Rf4 Rd8+ 47. Kc4 Ke5 48. Rf5+ Ke6 49. c6 Rd1 50. Kc5 Rc1+ 51. Kb6 Kd6 52. c7 Rxc7
53. Kb5 Rc1 54. Rf4 Rb1+ 55. Kc4 Ke5 56. Rf5+ Ke4 57. Kc5 Rg1 58. Kd6 Rxg4 59.
Ke6 Rg1 60. Ra5 Kf4 61. Ra4+ Kg5 62. Kf7 Kh5 63. Ra2 f5 64. Rh2+ Kg4 65. Kxg7
Kf3+ 66. Kf6 f4 67. Kf5 Kg3 68. Rh8 f3 69. Rg8+ Kf2 70. Re8 Rg7 71. Kf4 Kg2 72.
Ra8 0-1

[Event "Mistrzostwa Polski Mlodzikow do 10 lat  - chlopcy"]
[Site "Chrusty k. Zagnanska"]
[Date "1899-12-30"]
[Round "9.11"]
[White "Zieba, Hubert"]
[Black "Jasiulewicz, Dawid"]
[Result "1-0"]
[WhiteTitle "II"]
[BlackTitle "II"]
[WhiteElo "1331"]
[BlackElo "1141"]

1. c4 Nf6 2. Nf3 e6 3. g3 d5 4. b3 c6 5. Bg2 d4 6. d3 Be7 7. O-O O-O 8. Bb2 c5
9. b4 Nc6 10. b5 Na5 11. Nbd2 a6 12. a4 axb5 13. axb5 Ra7 14. Nb3 b6 15. Nxa5
bxa5 16. Ne5 Bd7 17. Bc6 Bc8 18. Bg2 Bd7 19. Nc6 Bxc6 20. Bxc6 Qb6 21. Bc1 Ne8
22. Bd2 Nd6 23. Ra3 Bd8 24. Qa1 Bc7 25. Qa2 Nb7 26. Ra1 Rfa8 27. Ra4 e5 28. Qb2
h6 29. R1a3 g5 30. Qa2 Kf8 31. Bxb7 Qxb7 32. Bxa5 Bxa5 33. Rxa5 Rxa5 34. Rxa5
Rxa5 35. Qxa5 Ke7 36. Qa6 Qb8 37. b6 Kd7 38. Qa7+ Kc8 39. Qa5 Qd6 40. Qa6+ Kd8
41. Qa8+ Ke7 42. b7 Qb8 43. Qxb8 e4 44. Qc7+ Kf6 45. Qd6+ Kg7 46. b8=R exd3 47.
Qe5+ Kh7 48. Qf6 dxe2 49. Rh8# 1-0

[Event "Mistrzostwa Polski Mlodzikow do 10 lat  - chlopcy"]
[Site "Chrusty k. Zagnanska"]
[Date "1899-12-30"]
[Round "9.12"]
[White "Adamala, Jacek"]
[Black "Rozek, Michal"]
[Result "1-0"]
[WhiteTitle "II"]
[BlackTitle "II"]
[WhiteElo "1310"]
[BlackElo "1196"]

1. e4 d5 2. exd5 Nf6 3. d4 Nxd5 4. c4 Nf6 5. h3 Bf5 6. Nf3 e6 7. Nc3 Nc6 8. Be3
Be7 9. Be2 O-O 10. Nh4 Bg6 11. Nxg6 hxg6 12. Qd2 a5 13. a3 Re8 14. O-O Qd7 15.
d5 exd5 16. cxd5 Na7 17. Bxa7 Rxa7 18. Bb5 c6 19. Bc4 Rd8 20. Qe3 Raa8 21. Rad1
Qc7 22. dxc6 bxc6 23. Rfe1 Rxd1 24. Rxd1 Re8 25. Qd3 Rd8 26. Qxg6 Rxd1+ 27. Nxd1
Bc5 28. Qc2 Qe5 29. Qe2 Qd4 30. Qd3 Qxd3 31. Bxd3 Bd4 32. b4 axb4 33. axb4 Nd5
34. b5 c5 35. Kf1 Nb6 36. Ke2 c4 37. Bc2 Nd5 38. Be4 Nb4 39. Ne3 c3 40. Nc2 Nxc2
41. Bxc2 g6 42. f4 1-0

[Event "Mistrzostwa Polski Mlodzikow do 10 lat  - chlopcy"]
[Site "Chrusty k. Zagnanska"]
[Date "1899-12-30"]
[Round "9.13"]
[White "Bartoszczuk, Adam"]
[Black "Krol, Jan"]
[Result "0-1"]
[WhiteTitle "II"]
[BlackTitle "II"]
[WhiteElo "1180"]
[BlackElo "1310"]

1. e4 c5 2. Nf3 d6 3. d4 cxd4 4. Nxd4 Nf6 5. Nc3 g6 6. f4 Bg7 7. e5 dxe5 8. fxe5
Nfd7 9. e6 Ne5 10. Bb5+ Nbc6 11. exf7+ Kxf7 12. O-O Bf6 13. Nxc6 bxc6 14. Ba4
Qxd1 15. Rxd1 Bg4 16. Rf1 Bd7 17. Bf4 Kg7 18. Ne4 Nc4 19. Nxf6 exf6 20. Rad1 Be8
21. Bc1 Rb8 22. Bb3 Nb6 23. Rd6 Rf8 24. Bd2 c5 25. Be6 Bf7 26. b3 Rbd8 27. Bf4
Rxd6 28. Bxd6 Bxe6 29. Bxf8+ Kxf8 30. Rxf6+ Ke7 31. Rf4 a5 32. c4 a4 33. Kf2 axb3
34. axb3 Nd7 35. Ke3 Ne5 36. h3 Nc6 37. h4 Na5 38. Kd3 Nxb3 39. Rf1 Bxc4+ 40.
Kxc4 Nd2+ 41. Kxc5 Nxf1 42. Kd4 0-1

[Event "Mistrzostwa Polski Mlodzikow do 10 lat  - chlopcy"]
[Site "Chrusty k. Zagnanska"]
[Date "1899-12-30"]
[Round "9.14"]
[White "Wojtacha, Krzysztof"]
[Black "Sniadecki, Oskar"]
[Result "1-0"]
[WhiteTitle "II"]
[BlackTitle "II"]
[WhiteElo "1150"]
[BlackElo "1277"]

1. e4 e5 2. Bc4 Be7 3. d4 exd4 4. c3 d6 5. cxd4 Nf6 6. Nc3 Nc6 7. Nf3 O-O 8. Bf4
Bg4 9. h3 Bh5 10. g4 Bg6 11. Qe2 Na5 12. Bd3 Re8 13. O-O-O Bf8 14. e5 d5 15. Qf1
Ne4 16. Bxe4 dxe4 17. Ng5 Bb4 18. Qb5 Bxc3 19. bxc3 c6 20. Qe2 Qd5 21. h4 h6 22.
Nh3 Nc4 23. h5 Bh7 24. g5 Qb5 25. Qc2 e3 26. Qb3 e2 27. Rde1 Bd3 28. Qxb5 cxb5
29. gxh6 gxh6 30. Bxh6 Kh7 31. Bg5 b4 32. Nf4 Be4 33. Rh3 Bf5 34. Rg3 Rac8 35.
Nd5 Re6 36. Nf6+ Kg7 37. h6+ Kh8 38. h7 Na3 39. Bd2 Bg6 40. Rxe2 Nb5 41. Kb2 Rb6
42. Nd5 bxc3+ 43. Bxc3 Nxc3+ 44. Nxb6 Rc6 45. Rxc3 1-0

[Event "Mistrzostwa Polski Mlodzikow do 10 lat  - chlopcy"]
[Site "Chrusty k. Zagnanska"]
[Date "1899-12-30"]
[Round "9.15"]
[White "Pelka, Maciej"]
[Black "Duda, Leon"]
[Result "1-0"]
[WhiteTitle "II"]
[BlackTitle "II"]
[WhiteElo "1227"]
[BlackElo "1186"]

1. e4 c5 2. Nf3 d6 3. d4 cxd4 4. Nxd4 Nf6 5. Nc3 g6 6. Be3 Bg7 7. f3 Nc6 8. Bc4
O-O 9. Qd2 Bd7 10. Bb3 Rc8 11. O-O-O Ne5 12. Kb1 Nc4 13. Bxc4 Rxc4 14. h4 h5 15.
Nde2 a6 16. Bh6 b5 17. g4 hxg4 18. Bxg7 Kxg7 19. h5 Nxh5 20. Rxh5 Rh8 21. Rxh8
Qxh8 22. fxg4 Bxg4 23. Rf1 Qh3 24. Qf4 f6 25. Ng3 Bd7 26. Rh1 Qg2 27. Qh6+ Kf7
28. Qh7+ Ke6 29. Qg8+ Ke5 30. Qd5+ Kf4 31. Nge2+ Kg4 32. Rg1 Qxg1+ 33. Nxg1 Bc6
34. Qe6+ Kg5 35. Qh3 Rd4 36. Nf3+ Kf4 37. Nxd4 Bxe4 38. Nxe4 Kxe4 39. c3 d5 40.
Qf3+ Ke5 1-0

[Event "Mistrzostwa Polski Mlodzikow do 10 lat  - chlopcy"]
[Site "Chrusty k. Zagnanska"]
[Date "1899-12-30"]
[Round "9.16"]
[White "Stanik, Szymon"]
[Black "Uhryn, Mateusz"]
[Result "1/2-1/2"]
[WhiteTitle "II"]
[BlackTitle "III"]
[WhiteElo "1137"]
[BlackElo "1154"]

1. e4 c6 2. Nf3 d5 3. exd5 cxd5 4. d4 Nc6 5. Nc3 Nf6 6. Bf4 Bg4 7. Be2 e6 8. O-O
Bd6 9. Ne5 Bxe2 10. Qxe2 Nxd4 11. Qd2 Nc6 12. Nxc6 bxc6 13. Bg5 O-O 14. Qe2 h6
15. Bh4 Be7 16. Bg3 Qd7 17. Rad1 Bd6 18. Bh4 Be7 19. Bg3 Bd6 20. f4 Qc7 21. Kh1
Rab8 22. Rb1 Rfe8 23. Qd2 Nh5 24. Ne2 Nxg3+ 25. Nxg3 e5 26. fxe5 Bxe5 27. Rf3
Rxb2 28. Rxb2 Bxb2 29. c4 Bf6 30. cxd5 cxd5 31. Qxd5 1/2-1/2

[Event "Mistrzostwa Polski Mlodzikow do 10 lat  - chlopcy"]
[Site "Chrusty k. Zagnanska"]
[Date "1899-12-30"]
[Round "9.19"]
[White "Murawski, Milosz"]
[Black "Nocek, Dominik"]
[Result "1/2-1/2"]
[WhiteTitle "II"]
[BlackTitle "II"]
[WhiteElo "1068"]
[BlackElo "1150"]

1. e4 e5 2. Nf3 Nc6 3. Bb5 a6 4. Ba4 Nf6 5. O-O b5 6. Bb3 Be7 7. Re1 O-O 8. c3
d6 9. d3 Bg4 10. Nbd2 Na5 11. Bc2 c5 12. h3 Bh5 13. Nf1 Bxf3 14. Qxf3 Nc6 15.
Ng3 b4 16. Nf5 Ne8 17. Qg3 Kh8 18. Ba4 Rc8 19. Bd2 bxc3 20. bxc3 Bf6 21. Rab1
Ne7 22. Qf3 Nxf5 23. Qxf5 g6 24. Qg4 Bg7 25. Rb7 Nf6 26. Qf3 Rc7 27. Rxc7 Qxc7
28. Rb1 Rb8 29. Qd1 Rxb1 30. Qxb1 h5 31. Qb3 1/2-1/2

[Event "Mistrzostwa Polski Mlodzikow do 10 lat  - chlopcy"]
[Site "Chrusty k. Zagnanska"]
[Date "1899-12-30"]
[Round "9.20"]
[White "Bochniak, Franciszek"]
[Black "Raczek, Krzysztof"]
[Result "1-0"]
[WhiteTitle "III"]
[BlackTitle "II"]
[WhiteElo "1059"]
[BlackElo "1290"]

1. e4 c5 2. Nf3 d6 3. Bb5+ Nd7 4. O-O a6 5. Bd3 b5 6. c4 b4 7. a3 Bb7 8. Bc2 e5
9. d3 a5 10. Ba4 g6 11. Nbd2 Ne7 12. Re1 Bg7 13. Nf1 O-O 14. Ne3 f5 15. Ng5 Rf6
16. Nd5 Nxd5 17. exd5 Nf8 18. f4 h6 19. Nf3 exf4 20. Bxf4 Qc7 21. h4 Rf7 22. Qd2
h5 23. Re2 Re7 24. Rae1 Rxe2 25. Rxe2 Bc8 26. Qe1 Ra7 27. Bc6 Bd7 28. Bxd7 Qxd7
29. Bg5 Qa4 30. Re8 bxa3 31. Qe6+ Rf7 32. bxa3 Qd7 33. Qxd7 Rxd7 34. Re7 Bb2 35.
a4 f4 36. Rxd7 Nxd7 37. Bxf4 Be5 38. Nxe5 dxe5 39. Be3 Kf7 40. Kf2 Kf6 41. Kf3
Kf5 42. g3 Nb6 43. Bxc5 Nxa4 44. Bd6 Nc3 45. Ke3 e4 46. Kd2 Na4 47. c5 exd3 48.
Kxd3 Kf6 49. c6 Nb6 50. Kd4 Kf7 51. Bc7 Nc8 52. Bxa5 Ke8 53. Kc5 Ke7 54. Bc7 1-0

[Event "Mistrzostwa Polski Mlodzikow do 10 lat  - chlopcy"]
[Site "Chrusty k. Zagnanska"]
[Date "1899-12-30"]
[Round "9.21"]
[White "Zmarzly, Wiktor"]
[Black "Pawlowski, Kamil"]
[Result "1/2-1/2"]
[WhiteTitle "II"]
[BlackTitle "II"]
[WhiteElo "1185"]
[BlackElo "1054"]

1. d4 d5 2. c4 e6 3. Nf3 Nf6 4. Nc3 Nbd7 5. Bf4 b6 6. e3 Bb7 7. Nb5 Bb4+ 8. Nd2
O-O 9. a3 Bxd2+ 10. Qxd2 c5 11. Bd6 Re8 12. f3 cxd4 13. Nc7 dxe3 14. Qxe3 Rc8
15. Nxe8 Nxe8 16. Bg3 dxc4 17. Rc1 Bd5 18. Be2 Nf8 19. O-O Qe7 20. Rfd1 Qc5 21.
Qxc5 Rxc5 22. Bf2 Rc6 23. Rd2 Nd6 24. Rdc2 a6 25. Bg3 b5 26. b3 Nf5 27. Be5 Ng6
28. Bb2 h6 29. Kf2 Nd6 30. bxc4 bxc4 31. a4 Rb6 32. Ba3 Ne5 33. Bxd6 Rxd6 34.
f4 Nd3+ 35. Bxd3 cxd3 36. Rd2 Bb3 37. Rc3 Bc2 38. Ke3 Kf8 39. Rc4 Ke7 40. Rc7+
Rd7 41. Rxd7+ Kxd7 42. Kd4 Kd6 43. Kc4 e5 44. fxe5+ Kxe5 45. h3 Ke4 46. a5 Ke3
47. Kc3 f5 48. g4 fxg4 49. hxg4 Kf3 50. Rh2 Kg3 51. Rd2 g6 52. Kb2 h5 53. gxh5
gxh5 54. Kc3 h4 55. Kc4 h3 56. Kc5 h2 57. Kb6 h1=Q 58. Kxa6 Qa8+ 59. Kb6 Qb8+
60. Ka6 Ba4 61. Rxd3+ Kf2 62. Rd2+ Ke3 63. Re2+ Kd3 64. Rd2+ Kc4 65. Rc2+ Kd5
66. Rc5+ Kd6 67. Rc6+ Kd5 68. Rc5+ Kd4 69. Rc4+ Kd3 70. Rc3+ Ke4 71. Rc4+ Kf3
72. Rc3+ Kg2 73. Rc2+ Kh1 74. Rc1+ Bd1 75. Rxd1+ Kg2 76. Rg1+ Kf3 77. Rf1+ Ke4
1/2-1/2

[Event "Mistrzostwa Polski Mlodzikow do 10 lat  - chlopcy"]
[Site "Chrusty k. Zagnanska"]
[Date "1899-12-30"]
[Round "9.23"]
[White "Olszewski, Antoni"]
[Black "Spionkowski, Fabian"]
[Result "0-1"]
[WhiteTitle "II"]
[BlackTitle "II"]
[WhiteElo "1061"]
[BlackElo "1125"]

1. e4 d6 2. d4 Nf6 3. f3 g6 4. c4 Bg7 5. Nc3 O-O 6. Be3 Nbd7 7. Qd2 e5 8. Nge2
exd4 9. Nxd4 c5 10. Ndb5 Ne8 11. Nxd6 Nxd6 12. Qxd6 Qb6 13. Qxb6 axb6 14. a3 Re8
15. Be2 f5 16. Bd3 Ne5 17. Ke2 fxe4 18. fxe4 Bg4+ 19. Kd2 b5 20. Nxb5 Rad8 21.
Bxc5 Nxd3 22. Bd6 Nc5 23. Kc2 Nxe4 24. h3 Bf5 25. g4 Nf2+ 26. gxf5 Nxh1 27. Rxh1
gxf5 28. Rg1 Re2+ 29. Kc1 Kf7 30. b4 Ra2 31. Rg3 Re8 32. Rxg7+ Kxg7 33. Kb1 Rg2
34. Bg3 Rxg3 35. Kc2 Re2+ 36. Kd1 Rh2 0-1

[Event "Mistrzostwa Polski Mlodzikow do 10 lat  - chlopcy"]
[Site "Chrusty k. Zagnanska"]
[Date "1899-12-30"]
[Round "9.24"]
[White "Wolak, Maciej"]
[Black "Duda, Szymon"]
[Result "1/2-1/2"]
[WhiteTitle "II"]
[BlackTitle "III"]
[WhiteElo "1101"]
[BlackElo "1085"]

1. e4 e5 2. Nf3 Nc6 3. Bc4 Bc5 4. d3 h6 5. Bb3 d6 6. c3 Nf6 7. O-O O-O 8. Nbd2
Be6 9. h3 Qe7 10. Re1 Qd7 11. Nf1 Ne7 12. d4 exd4 13. cxd4 Bb4 14. Bd2 Bxd2 15.
Qxd2 Bxb3 16. axb3 Ng6 17. Ng3 Rfe8 18. Qe3 a6 19. Rac1 Rac8 20. Rcd1 Qc6 21.
d5 Qb6 22. Nd2 Qxe3 23. Rxe3 b5 24. Ra1 Ra8 25. Rc3 Ra7 26. Rc6 Rea8 27. b4 Ne7
28. Rc3 Ne8 29. Re3 f6 30. Nb3 Rb7 31. Nd4 Kf7 32. Ne6 g6 33. Rc3 Rba7 34. Rac1
Rc8 35. Ne2 Ng8 36. N2d4 Ne7 37. Nc6 Nxc6 38. Rxc6 Kg8 39. Ra1 Rca8 40. Rac1 Rc8
1/2-1/2

[Event "Mistrzostwa Polski Mlodzikow do 10 lat  - chlopcy"]
[Site "Chrusty k. Zagnanska"]
[Date "1899-12-30"]
[Round "9.30"]
[White "Zmuda, Tomasz"]
[Black "Grobelny, Mikolaj"]
[Result "1/2-1/2"]
[WhiteTitle "II"]
[BlackTitle "II"]
[WhiteElo "1191"]
[BlackElo "1031"]

1. e4 c6 2. d4 d5 3. e5 Bf5 4. Nc3 e6 5. g4 Bg6 6. Nge2 h6 7. Nf4 Bh7 8. h4 c5
9. g5 Nc6 10. g6 Bxg6 11. Nxg6 fxg6 12. Qg4 Kf7 13. Bd3 Nge7 14. h5 g5 15. Nb5
Qd7 16. Bg6+ Nxg6 17. hxg6+ Kxg6 18. Qh5+ Kh7 19. Bxg5 Qe8 20. Qh3 Qg6 21. Rg1
Qe4+ 22. Qe3 Qxe3+ 23. Bxe3 cxd4 24. Nxd4 Nxd4 25. Bxd4 b6 26. O-O-O Bc5 27. Bxc5
bxc5 28. Rg3 g5 29. Rh1 Kg6 30. Rf3 Raf8 31. Ra3 Rh7 32. Rh2 h5 33. Rg2 Rf5 34.
Ra6 Rxe5 35. f4 Rf5 36. Rxe6+ Kf7 37. Ra6 Rxf4 38. Rxg5 Kf8 39. Rxd5 Rff7 40.
Rxc5 h4 41. Raa5 h3 42. Rc8+ Kg7 43. Rg5+ Kf6 44. Rg1 h2 45. Rh1 Rfg7 46. Rf8+
Ke6 47. Rff1 Kf5 48. Kd2+ Kg4 49. Ke3 1/2-1/2

[Event "Mistrzostwa Polski Mlodzikow do 10 lat  - chlopcy"]
[Site "Chrusty k. Zagnanska"]
[Date "1899-12-30"]
[Round "9.32"]
[White "Makuch, Tomasz"]
[Black "Pawicki, Filip"]
[Result "1-0"]
[WhiteTitle "III"]
[BlackTitle "II"]
[WhiteElo "1149"]
[BlackElo "1219"]

1. e4 e5 2. Nf3 Nc6 3. d4 exd4 4. Nxd4 Bc5 5. Be3 Qf6 6. Nb5 Bxe3 7. fxe3 Kd8 8.
N1c3 Nge7 9. Qd2 a6 10. Nd4 d6 11. O-O-O b5 12. Nd5 Nxd5 13. Nxc6+ Kd7 14. exd5
Bb7 15. g3 Bxc6 16. dxc6+ Kxc6 17. Bg2+ Kd7 18. Bxa8 Rxa8 19. Rhf1 Rb8 20. Rxf6
gxf6 21. Qd5 Re8 22. Qxf7+ Kd8 23. Qxf6+ Kd7 24. Rf1 Kc8 1-0